03620cam a22005414a 4500999001700000001000900017003000900026005001700035006001900052008004100071020002700112020001800139020001800157035002000175040004300195082001700238100003200255245010700287246003700394250001900431264008000450264001000530300007100540336002600611336002800637337002800665337002300693338002700716338003400743500002000777500002300797500002300820505082500843520040401668538033402072650002902406650003702435650002602472653002402498655002402522700003602546856007702582856009102659906004502750942001202795952013902807952013202946 c28865d2883613796072EG-ScBUE20200928104616.0m||||fq||h 00| 0 041117t2005 mdua f d 001 0 eng d a0781742323 (softcover) a9780781742320 a9780781751711 a(DNLM)101234322 aDNLM/DLCbengerdacDLCdDLCdEG-ScBUE04a612bCOH2221 aCohen, Barbara J.,eauthor.10aMemmler's the human body in health and disease /cBarbara Janson Cohen ; Jason J. Taylor, contributor.1 aHuman body in health and disease aTenth edition. 1aBaltimore, MD ;aPhiladelphia, PA :bLippincott Williams & Wilkins,c[2005] 4cc2005 a1 volume (various pagings) :bcolor illustrations ;c28 cm +e1 CD 2rdacontentatextbtxt 2rdacontentasoundsbsnd 2rdamediaaunmediatedbn 2rdamediaaaudiobs 2rdacarrieravolumebnc 2rdacarrieracomputer discbcd aIncludes index. aIncludes glossary. aIncludes appendix.0 aOrganization of the human body -- Chemistry, matter, and life -- Cells and their functions -- Tissues, glands, and membranes -- Disease and disease-producing organisms -- The skin in health and disease -- The skeleton: bones and joints -- The muscular system -- The nervous system: the spinal cord and spinal nerves -- The nervous system: the brain and cranial nerves -- The sensory system -- The endocrine system: glands and hormones -- The blood -- The heart and heart disease -- Blood vessels and blood circulation -- The lymphatic system and lymphoid tissue -- Body defenses, immunity, and vaccines -- Respiration -- Digestion -- Metabolism, nutrition, and body temperature -- Body fluids -- The urinary system -- The male and female reproductive systems -- Development and birth -- Heredity and hereditary diseases. a"A low-level introductory text on basic human anatomy and physiology with disease coverage for HP students in programs including medical assisting, surg tech, massage, certified nursing assistant, respiratory tech, and the like. Organized by body system; includes BOB CD with Stedman's pronunciations, selected figures (from text) in DHA engine, and student review questions"--Provided by publisher. aSystem requirements for accompanying CD-ROM: Windows: Windows 2000, Windows NT 4.0, or Windows XP, Pentium II, Internet Explorer 5.5 or higher or Netscape 7.02; Macintosh: Apple Power Macintosh or compatible computer, MAC OS version 9.2 or later, Internet Explorer 5.1 or Netscape 7.01, Microsoft PowerPoint or PowerPoint Viewer. 7aHuman physiology.2BUEsh 7aPhysiology, Pathological.2BUEsh 7aHuman anatomy.2BUEsh bGGENcSeptember2020 vReading book9342321 aTaylor, Jason J.,econtributor.413Table of contentsuhttp://www.loc.gov/catdir/toc/ecip054/2004027634.html423Publisher descriptionuhttp://www.loc.gov/catdir/enhancements/fy0712/2004027634-d.html a7bcbccorignewd1eecipf20gy-gencatlg 2ddccBB 00102ddc40708BaccahaMAINbMAINc1STd2020-09-28ePurchasel1o612 COHp000049864r2025-07-15 00:00:00s2022-09-26w2020-09-28yBB 00102ddc40708BaccahaMAINbMAINc1STd2020-09-28ePurchasel0o612 COHp000049865r2022-08-24 00:00:00w2020-09-28yCDVDWBB